Technical address : statitical science in a agricultural research and development (Record no. 19021)

MARC details
000 -LEADER
fixed length control field 00343nam a2200121Ia 4500
082 ## - DEWEY DECIMAL CLASSIFICATION NUMBER
Classification number 630.201
Item number NAR/TE
100 ## - MAIN ENTRY--PERSONAL NAME
Personal name Narain,P
245 ## - TITLE STATEMENT
Title Technical address : statitical science in a agricultural research and development
260 ## - PUBLICATION, DISTRIBUTION, ETC. (IMPRINT)
Name of publisher, distributor, etc Indian society of agricultural statitics
Date of publication, distribution, etc 1993
300 ## - PHYSICAL DESCRIPTION
Extent 22p.
546 ## - LANGUAGE
Language note English
942 ## - ADDED ENTRY ELEMENTS (KOHA)
Source of classification or shelving scheme Dewey Decimal Classification
Koha item type Report
Holdings
Lost status Source of classification or shelving scheme Damaged status Not for loan Collection code Home library Current library Shelving location Date acquired Total Checkouts Full call number Barcode Date last seen Koha item type
  Dewey Decimal Classification     Reports KAU Central Library, Thrissur KAU Central Library, Thrissur Reports 18/03/2014   630.201 NAR/TE 207139 18/03/2014 Report
Kerala Agricultural University Central Library
Thrissur-(Dt.), Kerala Pin:- 680656, India
Ph : (+91)(487) 2372219
E-mail: librarian@kau.in
Website: http://library.kau.in/